[Event "CZE-chTJ 0001"]
[Site "?"]
[Date "2000.??.??"]
[Round "7"]
[White "Reischig Tomas"]
[Black "Hlavsa Petr"]
[Result "0-1"]
[WhiteElo "2090"]
[BlackElo "2065"]
[PlyCount "44"]
[EventDate "2000.??.??"]
[Source "www.chesslib.no"]
[SourceDate "2004.05.04"]

1. e4 e5 2. Nf3 Nc6 3. Bb5 a6 4. Ba4 d6 5. c3 Nf6 6. d4 b5 7. Bc2 exd4 8. cxd4 Bg4 9. Be3 d5 10. exd5 Bb4+ 11. Nbd2 Qxd5 12. Bb3 Qd7 13. O-O O-O 14. a3 Bxd2 15. Qxd2 Bxf3 16. gxf3 Rad8 17. Rad1 Qh3 18. Qe2 Rfe8 19. Qc2 Qxf3 20. d5 Ne5 21. Qxc7 Qg4+ 22. Kh1 Qe4+ 0-1

[Event "Wattens op 13th"]
[Site "Wattens"]
[Date "1998.??.??"]
[Round "6"]
[White "Erhard, Jakob"]
[Black "Link, Ulrich"]
[Result "0-1"]
[WhiteElo "1935"]
[BlackElo "2205"]
[PlyCount "46"]
[EventDate "1998.??.??"]
[Source "www.chesslib.no"]
[SourceDate "2004.05.04"]

1. e4 e5 2. Nf3 Nc6 3. Bb5 a6 4. Ba4 d6 5. c3 Nge7 6. d4 Bd7 7. Bg5 h6 8. Bh4 g5 9. Bg3 Bg7 10. dxe5 dxe5 11. b4 Ng6 12. h4 Qe7 13. hxg5 hxg5 14. Rxh8+ Bxh8 15. Nbd2 Nf4 16. Bxf4 exf4 17. Rc1 g4 18. Nh2 Ne5 19. Bc2 Qh4 20. Nhf1 Qh1 21. g3 f3 22. a4 O-O-O 23. Nb3 Be6 0-1

[Event "AUT-ch U16"]
[Site "?"]
[Date "2002.03.27"]
[Round "6.3"]
[White "Mroz Thomas"]
[Black "Steiner Thomas"]
[Result "1-0"]
[WhiteElo "2065"]
[BlackElo "2070"]
[PlyCount "80"]
[EventDate "2002.??.??"]
[Source "www.chesslib.no"]
[SourceDate "2004.05.04"]

1. e4 e5 2. Nf3 Nc6 3. Bb5 a6 4. Ba4 d6 5. c3 Nf6 6. Bc2 Bg4 7. O-O Be7 8. d3 O-O 9. Re1 Qd7 10. Nbd2 Ne8 11. h3 Bxf3 12. Nxf3 Nf6 13. d4 exd4 14. cxd4 Rfe8 15. Bf4 Rad8 16. Rc1 d5 17. e5 Ne4 18. e6 fxe6 19. Ne5 Nxe5 20. Bxe5 Bd6 21. Bxe4 dxe4 22. Qg4 Bxe5 23. dxe5 c6 24. Rcd1 Qe7 25. Qxe4 Rd5 26. Rxd5 cxd5 27. Qc2 Qd7 28. Rc1 g6 29. Qc5 Re7 30. a4 Kf7 31. b3 Kg7 32. b4 Kf7 33. b5 axb5 34. axb5 Re8 35. b6 Re7 36. g3 h6 37. Qa5 g5 38. Rc7 Qd8 39. Qc3 d4 40. Qf3+ Kg6 1-0

[Event "RL-chA"]
[Site "Polch"]
[Date "1993.??.??"]
[Round "?"]
[White "Puth, Dieter"]
[Black "Denda, Ronald"]
[Result "1/2-1/2"]
[WhiteElo "2070"]
[BlackElo "2030"]
[PlyCount "32"]
[EventDate "1993.??.??"]
[Source "www.chesslib.no"]
[SourceDate "2004.05.04"]

1. e4 e5 2. Nf3 Nc6 3. Bb5 a6 4. Ba4 d6 5. c3 Nf6 6. d4 b5 7. Bc2 Bg4 8. d5 Nb8 9. O-O c5 10. dxc6 Nxc6 11. Nbd2 Be7 12. Re1 O-O 13. h3 Bh5 14. Nf1 Qc7 15. Ne3 h6 16. Nf5 Rfd8 1/2-1/2

[Event "Budapest HUN"]
[Site "?"]
[Date "2003.08.05"]
[Round "4"]
[White "Zilahi Gabor"]
[Black "Lakat Gyula"]
[Result "1/2-1/2"]
[WhiteElo "2075"]
[BlackElo "1956"]
[PlyCount "51"]
[EventDate "2003.??.??"]
[Source "www.chesslib.no"]
[SourceDate "2004.05.04"]

1. e4 e5 2. Nf3 Nc6 3. Bb5 a6 4. Ba4 d6 5. c3 Nf6 6. Bc2 Be7 7. O-O O-O 8. h3 h6 9. Re1 Nh7 10. d4 f6 11. dxe5 fxe5 12. Nh2 Bh4 13. g3 Bg5 14. Bxg5 Nxg5 15. h4 Nf3+ 16. Nxf3 Rxf3 17. Nd2 Rf8 18. Bd3 Bh3 19. Bf1 Bxf1 20. Nxf1 Qf6 21. Qe2 Ne7 22. Nh2 Rf7 23. Ng4 Qf3 24. Qxf3 Rxf3 25. Rad1 Raf8 26. Re2 1/2-1/2

[Event "Myyrmanni EtVaS 25jub GM"]
[Site "Vantaa"]
[Date "1999.03.20"]
[Round "5"]
[White "Luther, Juergen"]
[Black "Weichhold, Carsten"]
[Result "1-0"]
[WhiteElo "2000"]
[BlackElo "2000"]
[PlyCount "75"]
[EventDate "1999.07.20"]
[Source "www.chesslib.no"]
[SourceDate "2004.05.04"]

1. e4 e5 2. Nf3 Nc6 3. Bb5 a6 4. Ba4 d6 5. c3 b5 6. Bb3 Be7 7. d3 Nf6 8. Nbd2 O-O 9. Nf1 Na5 10. Bc2 c5 11. Ne3 Re8 12. O-O Bf8 13. h3 g6 14. Nh2 d5 15. Nhg4 dxe4 16. Nxf6+ Qxf6 17. Nd5 Qc6 18. dxe4 Nc4 19. Qf3 Re6 20. b3 Nb6 21. Bg5 h6 22. Bd8 Nd7 23. Nc7 Bb7 24. Nxe6 Qxe6 25. Bh4 f5 26. exf5 Qb6 27. Qg4 g5 28. Bg3 Nf6 29. Qe2 Qc6 30. f3 c4 31. Be4 Nxe4 32. fxe4 cxb3 33. Bxe5 Re8 34. Bd4 Rxe4 35. Qb2 g4 36. Qxb3+ Kh7 37. Qf7+ Bg7 38. Qxg7# 1-0

[Event "Bad Wörishofen (13.03.-21.03)"]
[Site "?"]
[Date "2003.??.??"]
[Round "4"]
[White "Bierwisch Bernhard"]
[Black "Aigner Georg"]
[Result "1-0"]
[WhiteElo "2184"]
[BlackElo "1700"]
[PlyCount "125"]
[EventDate "2003.??.??"]
[Source "www.chesslib.no"]
[SourceDate "2004.05.04"]

1. e4 e5 2. Nf3 Nc6 3. Bb5 a6 4. Ba4 d6 5. c3 Nf6 6. Qe2 Bd7 7. O-O Ne7 8. Bb3 Bg4 9. h3 Bh5 10. d4 Nc6 11. Rd1 Qe7 12. d5 Na5 13. Bc2 b6 14. Bd3 Nb7 15. Bxa6 Nc5 16. Bb5+ Nfd7 17. Nbd2 Qd8 18. b4 Nb7 19. Nf1 Be7 20. Ng3 Bg6 21. Bc6 Ra7 22. Qb5 Qc8 23. a4 Nd8 24. Be3 Nxc6 25. Qxc6 Ra6 26. b5 Ra7 27. Bxb6 Rb7 28. Be3 O-O 29. Qc4 Nb6 30. Qd3 Nd7 31. a5 Rb8 32. Rdb1 Ra8 33. c4 f6 34. Nh4 Bf7 35. Nhf5 Re8 36. Qe2 Bf8 37. h4 Kh8 38. h5 Qd8 39. a6 Nb6 40. a7 Qc8 41. Ra6 Qb7 42. Bxb6 cxb6 43. Rba1 Rec8 44. Nf1 Rc7 45. g4 Qc8 46. Rxb6 Rcxa7 47. Rxa7 Rxa7 48. Rc6 Qb8 49. Qe3 Be8 50. Ra6 Rc7 51. Nd2 g6 52. hxg6 hxg6 53. Ng3 Bd7 54. b6 Rb7 55. f3 Kh7 56. Nb3 Qc8 57. Na5 Rb8 58. Ra7 Bh6 59. Qf2 Bd2 60. Qxd2 Rxb6 61. Nc6 g5 62. Qh2+ Kg8 63. Ne7+ 1-0

[Event "Q1.033 IECG"]
[Site "IECG email"]
[Date "1998.??.??"]
[Round "?"]
[White "Newton, Hobart E"]
[Black "Silva, Sebastiao J. da"]
[Result "1-0"]
[WhiteElo "1965"]
[BlackElo "1845"]
[PlyCount "85"]
[EventDate "1998.??.??"]
[Source "www.chesslib.no"]
[SourceDate "2004.05.04"]

1. e4 e5 2. Nf3 Nc6 3. Bb5 a6 4. Ba4 d6 5. c3 Qe7 6. O-O Bd7 7. d4 O-O-O 8. d5 Nb8 9. Bxd7+ Nxd7 10. b4 Ngf6 11. Re1 g6 12. Na3 h6 13. Nc4 Bg7 14. a4 Qe8 15. Ba3 Nb8 16. Rb1 b6 17. a5 b5 18. Ncd2 Nh5 19. Qc2 Nf4 20. c4 Qd7 21. cxb5 axb5 22. Rbc1 f5 23. g3 Nh3+ 24. Kg2 f4 25. Nh4 Bf6 26. Ndf3 Ng5 27. Qd3 Rhg8 28. Rc2 Na6 29. Rec1 fxg3 30. hxg3 Rg7 31. Rc6 Qh3+ 32. Kg1 Nb8 33. a6 Kd7 34. Rxc7+ Ke8 35. Qxb5+ Nd7 36. Rc8 Nxe4 37. a7 Nxg3 38. fxg3 Bxh4 39. Nxh4 Qxg3+ 40. Ng2 Qxa3 41. Rxd8+ Kxd8 42. Qa5+ Qxa5 43. bxa5 1-0

[Event "Raika op 5th"]
[Site "?"]
[Date "1996.??.??"]
[Round "?"]
[White "Havranek Tomas"]
[Black "Kofler Michael"]
[Result "1-0"]
[WhiteElo "2010"]
[BlackElo "1665"]
[PlyCount "37"]
[EventDate "1996.??.??"]
[Source "www.chesslib.no"]
[SourceDate "2004.05.04"]

1. e4 e5 2. Nf3 Nc6 3. Bb5 d6 4. c3 a6 5. Ba4 b5 6. Bb3 Be6 7. d4 Bxb3 8. Qxb3 Na5 9. Qc2 exd4 10. cxd4 c5 11. Nc3 h6 12. O-O Nf6 13. e5 dxe5 14. dxe5 Nd7 15. e6 Nf6 16. Ne5 Bd6 17. Nxf7 Bxh2+ 18. Kxh2 Ng4+ 19. Kg3 1-0

[Event "Polanica Zdroj"]
[Site "?"]
[Date "2005.08.23"]
[Round "5.11"]
[White "Bielinski Kazimierz"]
[Black "Smolnicki Maciej"]
[Result "1/2-1/2"]
[WhiteElo "1858"]
[BlackElo "1800"]
[PlyCount "85"]
[EventDate "2005.??.??"]
[Source "www.chesslib.no"]
[SourceDate "2004.05.04"]

1. e4 e5 2. Nf3 Nc6 3. Bb5 a6 4. Ba4 d6 5. c3 Bg4 6. d3 Qf6 7. Bxc6+ bxc6 8. Qa4 Kd7 9. Nfd2 Be6 10. Nc4 Bxc4 11. Qxc4 Ne7 12. Qb3 Nc8 13. Be3 c5 14. Qa4+ Kd8 15. O-O Nb6 16. Qc6 Qe6 17. b4 Qd7 18. Qb7 Qc8 19. Qxc8+ Kxc8 20. bxc5 dxc5 21. f4 exf4 22. Rxf4 f6 23. Rf5 Nd7 24. Nd2 g6 25. Rf2 Be7 26. Nc4 Rb8 27. h3 Rb5 28. Na3 Rb7 29. Nc4 Rb5 30. Kf1 Rf8 31. Ke2 Ne5 32. Bh6 Rd8 33. Nxe5 Rb2+ 34. Ke3 Rxf2 35. Kxf2 fxe5 36. Ke2 Rd6 37. Rb1 Rb6 38. Rb3 Kd7 39. Be3 Kc6 40. Kd2 a5 41. Kc2 a4 42. Rb2 Bf6 43. Bd2 1/2-1/2

[Event "Muensterland"]
[Site "?"]
[Date "2002.11.23"]
[Round "3.6"]
[White "Wingenfeld Klaus"]
[Black "Wehmeier Sven"]
[Result "1-0"]
[WhiteElo "1884"]
[BlackElo "1743"]
[PlyCount "143"]
[EventDate "2002.??.??"]
[Source "www.chesslib.no"]
[SourceDate "2004.05.04"]

1. e4 e5 2. Nf3 Nc6 3. Bb5 a6 4. Ba4 d6 5. c3 Nf6 6. Qe2 Be7 7. d4 exd4 8. cxd4 O-O 9. O-O b5 10. Bb3 Bg4 11. Rd1 d5 12. e5 Ne4 13. a4 b4 14. a5 Bg5 15. Qc2 Bxf3 16. gxf3 Bxc1 17. Qxc1 Nxf2 18. Kxf2 Qh4+ 19. Kg2 Nxd4 20. Bxd5 Ne2 21. Qe3 Nf4+ 22. Kh1 Rad8 23. Bb3 Rxd1+ 24. Bxd1 Rd8 25. Bc2 Qg5 26. Qf2 Nh3 27. Qf1 Nf4 28. Qf2 Rd4 29. Nd2 Ne6 30. Nb3 Rh4 31. Re1 Qh6 32. Rg1 Rh5 33. Qd2 Qxd2 34. Nxd2 Rxe5 35. Ne4 g6 36. Rd1 Rxa5 37. Bb3 Nf4 38. Kg1 Kg7 39. Rd7 Rf5 40. Rxc7 Nd3 41. Nd6 Rxf3 42. Bxf7 Kf8 43. Bd5 Rf6 44. Ne4 Rf5 45. Be6 Rf4 46. Nc5 Nxc5 47. Rxc5 Ke7 48. Bc4 Kd6 49. Rd5+ Kc6 50. b3 h6 51. Ra5 Kb7 52. Bxa6+ Kb6 53. Ra4 g5 54. Bc4 Kc5 55. Ra6 Rh4 56. Ra5+ Kd4 57. Rd5+ Kc3 58. Rd3+ Kc2 59. Rg3 Kd2 60. Kg2 Rf4 61. h3 Kc2 62. Re3 Kd2 63. Re6 Rh4 64. Rd6+ Kc2 65. Bf7 Kc3 66. Rc6+ Kb2 67. Rc4 Kb1 68. Rxh4 gxh4 69. Kf3 Kc2 70. Ke3 Kc3 71. Be6 h5 72. Bf7 1-0

[Event "Bad Sooden (21.04.-30.04)"]
[Site "?"]
[Date "2002.04.30"]
[Round "9"]
[White "Falkowski Wilfried"]
[Black "Maximowski Alexander"]
[Result "1-0"]
[WhiteElo "1884"]
[BlackElo "1720"]
[PlyCount "71"]
[EventDate "2002.??.??"]
[Source "www.chesslib.no"]
[SourceDate "2004.05.04"]

1. e4 e5 2. Nf3 Nc6 3. Bb5 a6 4. Ba4 d6 5. c3 Nf6 6. d4 b5 7. Bb3 Bg4 8. d5 Na5 9. Bc2 Be7 10. Nbd2 O-O 11. O-O Rc8 12. h3 Bh5 13. a4 c6 14. b4 Nb7 15. axb5 axb5 16. dxc6 Rxc6 17. Bb2 Qb8 18. Nb3 Nd8 19. Qd3 Ne6 20. Na5 Rb6 21. Qe3 Nf4 22. Nh4 d5 23. Nf5 Re8 24. Nxe7+ Rxe7 25. Nb3 Nxe4 26. Qxb6 Ne2+ 27. Kh2 Rb7 28. Qe3 f5 29. Bxe4 fxe4 30. Rfe1 d4 31. Qxe4 dxc3 32. Bc1 Nf4 33. Nc5 Ra7 34. Bxf4 exf4 35. Rxa7 Qxa7 36. Qd5+ 1-0

[Event "Schloss Schney (03.07.-11.07)"]
[Site "?"]
[Date "1998.??.??"]
[Round "2"]
[White "Fries Karl-Heinz"]
[Black "Erpel Werner"]
[Result "0-1"]
[WhiteElo "1660"]
[BlackElo "1935"]
[PlyCount "100"]
[EventDate "1998.??.??"]
[Source "www.chesslib.no"]
[SourceDate "2004.05.04"]

1. e4 e5 2. Nf3 Nc6 3. Bb5 a6 4. Ba4 d6 5. c3 Nf6 6. Qe2 b5 7. Bb3 Be7 8. h3 O-O 9. d4 exd4 10. Nxd4 Nxd4 11. cxd4 c5 12. d5 Bb7 13. O-O Re8 14. Re1 h6 15. Nd2 Bf8 16. Qd1 g6 17. Re3 Bg7 18. g4 Nd7 19. Nf3 Ne5 20. Nd2 Nd7 21. Nf3 Rc8 22. Qf1 Ne5 23. Nd2 c4 24. Bc2 Qb6 25. a3 a5 26. Rb1 b4 27. b3 c3 28. Nf3 Ba6 29. Qg2 Nxf3+ 30. Rxf3 bxa3 31. Bxa3 Be5 32. Bc1 Kg7 33. Be3 Qc7 34. Re1 Rb8 35. h4 Bc8 36. Rh3 Rb4 37. f4 Bd4 38. h5 Bxe3+ 39. Rhxe3 Qc5 40. Kh2 a4 41. bxa4 Rb2 42. hxg6 fxg6 43. R1e2 Rxc2 44. e5 Rxe2 45. Rxe2 Ba6 46. Rc2 Bd3 47. e6 Bxc2 48. Qxc2 Rb8 49. e7 Qe3 50. e8=Q Rxe8 0-1

[Event "Germany"]
[Site "?"]
[Date "2002.12.14"]
[Round "4.5"]
[White "Poggemann Klaus"]
[Black "Binger Friedhelm"]
[Result "0-1"]
[WhiteElo "1765"]
[BlackElo "1789"]
[PlyCount "52"]
[EventDate "2002.??.??"]
[Source "www.chesslib.no"]
[SourceDate "2004.05.04"]

1. e4 e5 2. Nf3 Nc6 3. Bb5 a6 4. Ba4 d6 5. c3 Nf6 6. d4 b5 7. Bc2 Bg4 8. d5 Na5 9. Bg5 h6 10. Bh4 Nc4 11. b3 Nb6 12. h3 Bh5 13. O-O Be7 14. Nbd2 O-O 15. Re1 Nh7 16. Bxe7 Qxe7 17. Bd3 Ng5 18. Be2 Bg6 19. Nxg5 Qxg5 20. Bg4 f5 21. exf5 Bxf5 22. Ne4 Bxg4 23. hxg4 Qg6 24. Ng3 Rf4 25. f3 Raf8 26. Kf2 Rxg4 0-1

[Event "Schloss Schney (10.06.-18.06)"]
[Site "?"]
[Date "2005.06.15"]
[Round "6.17"]
[White "Zellner Erwin"]
[Black "Aigner Georg"]
[Result "0-1"]
[WhiteElo "1681"]
[BlackElo "1855"]
[PlyCount "64"]
[EventDate "2005.??.??"]
[Source "www.chesslib.no"]
[SourceDate "2004.05.04"]

1. e4 e5 2. Nf3 Nc6 3. Bb5 a6 4. Ba4 d6 5. c3 Nf6 6. Qe2 Bg4 7. O-O Be7 8. d3 O-O 9. Be3 b5 10. Bc2 d5 11. exd5 Nxd5 12. Nbd2 f5 13. Nb3 Nf6 14. Bc5 Re8 15. Rad1 Bd6 16. Bxd6 cxd6 17. Nbd2 d5 18. Rfe1 e4 19. dxe4 dxe4 20. Nxe4 Nd7 21. Qd3 fxe4 22. Qd5+ Kh8 23. Rxe4 Qf6 24. Rxg4 Nce5 25. Nxe5 Nxe5 26. Rg3 Rad8 27. Qb3 Rxd1+ 28. Bxd1 Nd3 29. h3 Re1+ 30. Kh2 Nxf2 31. Rf3 Rh1+ 32. Kg3 Ne4+ 0-1

[Event "Politiken Cup 24th"]
[Site "?"]
[Date "2002.07.21"]
[Round "7"]
[White "Nielsen Palle Moeller"]
[Black "Howe Dennis"]
[Result "1-0"]
[WhiteElo "1473"]
[BlackElo "2052"]
[PlyCount "39"]
[EventDate "2002.??.??"]
[Source "www.chesslib.no"]
[SourceDate "2004.05.04"]

1. e4 e5 2. Nf3 Nc6 3. Bb5 a6 4. Ba4 d6 5. c3 Bg4 6. h3 Bh5 7. d3 Nf6 8. Nbd2 Be7 9. Nf1 b5 10. Bb3 Na5 11. Bc2 c5 12. g4 Bg6 13. Ng3 Nc6 14. Bb3 O-O 15. Nh4 d5 16. Nxg6 fxg6 17. g5 c4 18. gxf6 Bc5 19. Bg5 cxb3 20. f7+ 1-0

[Event "Morava-ch U13"]
[Site "Zlin"]
[Date "1999.??.??"]
[Round "3"]
[White "Slavicek, Martin"]
[Black "Janyska, Pavel"]
[Result "1-0"]
[WhiteElo "1805"]
[BlackElo "1670"]
[PlyCount "41"]
[EventDate "1999.??.??"]
[Source "www.chesslib.no"]
[SourceDate "2004.05.04"]

1. e4 e5 2. Nf3 Nc6 3. Bb5 a6 4. Ba4 d6 5. c3 Bg4 6. O-O Nf6 7. Re1 g6 8. d4 b5 9. Bb3 Bxf3 10. Qxf3 Bg7 11. Bg5 O-O 12. Bd5 a5 13. Bxc6 Rb8 14. Nd2 exd4 15. cxd4 h6 16. Bh4 a4 17. Rad1 Rb6 18. e5 dxe5 19. dxe5 Re8 20. Bxe8 Re6 21. Ne4 1-0

[Event "Ellwangen (11.04.-19.04)"]
[Site "?"]
[Date "2003.04.14"]
[Round "4"]
[White "Foehrenbacher Helmut"]
[Black "Streicher Werner"]
[Result "1/2-1/2"]
[WhiteElo "1745"]
[BlackElo "1698"]
[PlyCount "42"]
[EventDate "2003.??.??"]
[Source "www.chesslib.no"]
[SourceDate "2004.05.04"]

1. e4 e5 2. Nf3 Nc6 3. Bb5 a6 4. Ba4 d6 5. c3 Bg4 6. O-O Qf6 7. a3 Nge7 8. h3 Bxf3 9. Qxf3 Qxf3 10. gxf3 Ng6 11. d3 Be7 12. Be3 O-O 13. Nd2 Kh8 14. d4 exd4 15. cxd4 b5 16. Bb3 Na5 17. Ba2 c5 18. b4 cxd4 19. Bxd4 Nc6 20. Be3 Bf6 21. Rac1 Nd4 1/2-1/2

[Event "Bad Sooden-Ad' (22.04.-30.04)"]
[Site "?"]
[Date "2005.04.30"]
[Round "9"]
[White "Pannenbaecker Hermann-Josef"]
[Black "Maximowski Alexander"]
[Result "0-1"]
[WhiteElo "1592"]
[BlackElo "1729"]
[PlyCount "77"]
[EventDate "2005.??.??"]
[Source "www.chesslib.no"]
[SourceDate "2004.05.04"]

1. e4 e5 2. Nf3 Nc6 3. Bb5 a6 4. Ba4 d6 5. c3 b5 6. Bc2 Bb7 7. O-O Be7 8. d4 Nf6 9. Re1 O-O 10. Nbd2 exd4 11. cxd4 Re8 12. Nf1 Bf8 13. Ng3 Ne7 14. Bg5 Ng6 15. Nh5 Be7 16. Nxf6+ Bxf6 17. Bxf6 Qxf6 18. Re3 c5 19. e5 Qf4 20. dxc5 dxc5 21. Bxg6 hxg6 22. Qd6 Bxf3 23. gxf3 c4 24. Rd1 Re6 25. Qd5 Rf8 26. Rd4 Qf5 27. Qe4 Qh5 28. Qh4 Rxe5 29. Qxh5 Rxh5 30. Re7 Rc5 31. Rdd7 b4 32. Rc7 Rc8 33. Re8+ Rxe8 34. Rxc5 Re2 35. a4 Rxb2 36. Rxc4 b3 37. Rb4 Ra2 38. Rxb3 Rxa4 39. Kf1 0-1

[Event "Ellwangen (11.04.-19.04)"]
[Site "?"]
[Date "2003.04.11"]
[Round "1"]
[White "Bartlitz Heinz"]
[Black "Burreh Heinz"]
[Result "0-1"]
[WhiteElo "1471"]
[BlackElo "1783"]
[PlyCount "110"]
[EventDate "2003.??.??"]
[Source "www.chesslib.no"]
[SourceDate "2004.05.04"]

1. e4 e5 2. Nf3 Nc6 3. Bb5 a6 4. Ba4 d6 5. c3 b5 6. Bc2 Bb7 7. d3 Be7 8. Nbd2 Nf6 9. h3 O-O 10. Nf1 d5 11. Ng3 Qd7 12. O-O Rad8 13. Qe2 Rfe8 14. Be3 d4 15. Bd2 h6 16. Nf5 Bf8 17. Nh2 Ne7 18. Nh4 Nxe4 19. Rad1 Nxd2 20. Rxd2 Nf5 21. Nxf5 Qxf5 22. Qg4 Qxg4 23. hxg4 c5 24. cxd4 exd4 25. Rdd1 Re2 26. Rc1 Bd6 27. g3 Bxg3 28. Bd1 Bxh2+ 29. Kxh2 Rxb2 30. Bb3 Bd5 31. Rxc5 Bxb3 32. axb3 Rxb3 33. Ra1 Rc3 34. Re5 Rd6 35. Rd1 f6 36. Re8+ Kf7 37. Rb8 Rcc6 38. Re1 Rb6 39. Ra8 b4 40. Ra7+ Kg6 41. f4 f5 42. Ree7 fxg4 43. Rxg7+ Kf5 44. Kg3 Rg6 45. Rgf7+ Rgf6 46. Rfd7 b3 47. Rd5+ Ke6 48. Re5+ Kd6 49. Re1 b2 50. Rb1 h5 51. Rh7 Rb5 52. Ra7 Kc5 53. Re7 Rf5 54. Re2 Rb3 55. Rbxb2 Rxd3+ 0-1

[Event "Lommel Summer op 20th"]
[Site "?"]
[Date "2000.07.??"]
[Round "2"]
[White "Van Stiphout Mark"]
[Black "Ciezkowsky Joseph"]
[Result "1-0"]
[WhiteElo "1695"]
[BlackElo "1503"]
[PlyCount "55"]
[EventDate "2000.??.??"]
[Source "www.chesslib.no"]
[SourceDate "2004.05.04"]

1. e4 e5 2. Nf3 Nc6 3. Bb5 a6 4. Ba4 d6 5. c3 Be7 6. d4 b5 7. Bc2 Bg4 8. Be3 Nf6 9. Nbd2 O-O 10. h3 Bxf3 11. Nxf3 h6 12. O-O Re8 13. Re1 Bf8 14. Nh2 Qd7 15. Rc1 Na5 16. Bb1 Nc4 17. Qc2 Nxe3 18. Rxe3 Rac8 19. Qe2 c5 20. dxe5 dxe5 21. Rd1 Qc7 22. Ng4 Be7 23. Rg3 Nh5 24. Nxh6+ Kh7 25. Qxh5 Bf6 26. Ng4+ Kg8 27. Nxf6+ Kf8 28. Qh8+ 1-0

[Event "Corr"]
[Site "?"]
[Date "2005.08.01"]
[Round "?"]
[White "Kelbl Jiri"]
[Black "Manis Jose"]
[Result "1/2-1/2"]
[WhiteElo "1407"]
[BlackElo "1616"]
[PlyCount "49"]
[EventDate "2005.??.??"]
[Source "www.chesslib.no"]
[SourceDate "2004.05.04"]

1. e4 e5 2. Nf3 Nc6 3. Bb5 a6 4. Ba4 d6 5. c3 b5 6. Bb3 Na5 7. Bc2 g5 8. h3 g4 9. hxg4 Bxg4 10. d4 Bg7 11. Be3 Nc4 12. b3 Nxe3 13. fxe3 c5 14. d5 Qf6 15. Nbd2 Ne7 16. Qe2 b4 17. c4 Ng6 18. Qf2 h5 19. Nh2 Qxf2+ 20. Kxf2 Bd7 21. Nhf3 Bf6 22. g3 Be7 23. a4 O-O-O 24. Rag1 Kb8 25. Bd3 1/2-1/2

[Event "Corr"]
[Site "?"]
[Date "1999.11.04"]
[Round "?"]
[White "Byrnes Joe"]
[Black "Assarsjo Ingemar"]
[Result "1-0"]
[WhiteElo "1520"]
[BlackElo "1484"]
[PlyCount "23"]
[EventDate "1999.??.??"]
[Source "www.chesslib.no"]
[SourceDate "2004.05.04"]

1. e4 e5 2. Nf3 Nc6 3. Bb5 a6 4. Ba4 d6 5. c3 Nf6 6. d4 b5 7. Bb3 Nxe4 8. dxe5 Be6 9. Bxe6 fxe6 10. exd6 cxd6 11. O-O e5 12. Qd5 1-0

[Event "AUS Ch"]
[Site "?"]
[Date "2003.01.13"]
[Round "1.27"]
[White "Lazarus Benjamin"]
[Black "Slack Smith Blair"]
[Result "1-0"]
[WhiteElo "1556"]
[BlackElo "988"]
[PlyCount "71"]
[EventDate "2003.??.??"]
[Source "www.chesslib.no"]
[SourceDate "2004.05.04"]

1. e4 e5 2. Nf3 Nc6 3. Bb5 a6 4. Ba4 d6 5. c3 Nge7 6. h3 Bd7 7. O-O f5 8. exf5 Nxf5 9. d4 Be7 10. Bxc6 Bxc6 11. dxe5 Bxf3 12. Qxf3 O-O 13. Qd5+ Kh8 14. exd6 Bxd6 15. Qe4 Qf6 16. Qf3 Qh4 17. Qg4 Rae8 18. Qxh4 Nxh4 19. Be3 Re6 20. Nd2 Nf5 21. Nc4 Nxe3 22. fxe3 Rxf1+ 23. Rxf1 Bc5 24. Rf7 Re4 25. Rxc7 Bf8 26. Kf2 Re7 27. Rxe7 Bxe7 28. e4 Bc5+ 29. Kf3 Kg8 30. Kf4 Kf7 31. Ke5 Ke7 32. Kd5 Ba7 33. Na5 Be3 34. Nxb7 Kf6 35. e5+ Ke7 36. c4 1-0

[Event "Sotra"]
[Site "?"]
[Date "2003.03.02"]
[Round "5"]
[White "Blom Geir"]
[Black "Fjeldstad Kay-Ove"]
[Result "1-0"]
[WhiteElo "1181"]
[BlackElo "1228"]
[PlyCount "99"]
[EventDate "2003.??.??"]
[Source "www.chesslib.no"]
[SourceDate "2004.05.04"]

1. e4 e5 2. Nf3 Nc6 3. Bb5 d6 4. c3 a6 5. Ba4 b5 6. Bc2 Bg4 7. O-O Qf6 8. d3 Bxf3 9. gxf3 Nce7 10. Be3 Ng6 11. Nd2 Nf4 12. Kh1 Ne7 13. Rg1 Neg6 14. d4 Be7 15. Rg3 Qe6 16. d5 Qd7 17. a4 Bh4 18. axb5 O-O 19. bxa6 Bxg3 20. fxg3 Nh5 21. Qf1 Ne7 22. c4 c5 23. Ba4 Qc7 24. Bb5 Nc8 25. b4 Na7 26. bxc5 dxc5 27. Nb3 Nxb5 28. cxb5 c4 29. b6 Qd6 30. Bc5 Qg6 31. Qxc4 Nxg3+ 32. hxg3 Qxg3 33. Qf1 Qh4+ 34. Kg2 Qg5+ 35. Kf2 f5 36. Bxf8 Rxf8 37. a7 Qd8 38. Qb5 Qh4+ 39. Ke2 fxe4 40. a8=Q exf3+ 41. Kd3 e4+ 42. Kc3 Qf6+ 43. Nd4 f2 44. Qxf8+ Kxf8 45. Qc5+ Kf7 46. Qc7+ Kg6 47. Qg3+ Kf7 48. Ra7+ Ke8 49. Qb8+ Qd8 50. Qe5+ 1-0